000 00274nam a22001337a 4500
008 171124b xxu||||| |||| 00| 0 eng d
020 _a9780073515410
041 _aeng
080 _a618.2
100 _a1
101 _aINF
245 _aNURSING
_cHILL.M
942 _2udc
_cBK
999 _c38457
_d38457